[Event "Rated Blitz game"]
[Site "?"]
[Date "2021.11.16"]
[Round "?"]
[White "momcilo56adzic"]
[Black "Razario90"]
[Result "1-0"]
[WhiteElo "2452"]
[BlackElo "2383"]
[PlyCount "127"]
[EventDate "2021.??.??"]
[EventType "blitz"]

1. e4 e5 2. Nf3 d5 3. Nxe5 Bd6 4. Nxf7 Kxf7 5. Qh5+ Kf8 6. Qxd5 Nf6 7. Qc4 Qe7
8. d3 Nc6 9. Nc3 Be6 10. Qb5 Rb8 11. Bg5 Nd4 12. Qa4 Bc5 13. O-O-O b5 14. Qa5
Bb6 15. Qa6 Bc8 16. Nd5 Bxa6 17. Nxe7 Kxe7 18. e5 h6 19. exf6+ gxf6 20. Bf4 Kf7
21. f3 Ne6 22. Bd2 c5 23. Be2 h5 24. g3 Rbe8 25. Rde1 Nd4 26. Bd1 Bb7 27. Rhf1
Rxe1 28. Bxe1 Re8 29. Kd2 Bc7 30. c3 Ne6 31. f4 Rd8 32. Bxh5+ Kg7 33. Bf3 Ba6
34. Bf2 b4 35. Be4 bxc3+ 36. bxc3 Ba5 37. Kc2 Nf8 38. Bxc5 Bb6 39. Bb4 Ne6 40.
g4 Nc5 41. Bxc5 Bxc5 42. d4 Bxf1 43. dxc5 Rc8 44. c6 Bb5 45. g5 Bxc6 46. Bf5
Rd8 47. h4 Ba4+ 48. Kb2 Rd5 49. Be6 Rb5+ 50. Ka3 Ra5 51. Kb4 Ra6 52. Bc4 Rc6
53. Bd5 Rd6 54. c4 Be8 55. Kc5 Rb6 56. Kd4 Ra6 57. c5 Rxa2 58. Bxa2 fxg5 59.
hxg5 a5 60. Ke5 a4 61. f5 a3 62. g6 Bxg6 63. fxg6 Kxg6 64. c6 {Normal} 1-0

[Event "Rated Blitz game"]
[Site "?"]
[Date "2021.11.16"]
[Round "?"]
[White "janowsky"]
[Black "RCompany_1"]
[Result "1-0"]
[WhiteElo "2471"]
[BlackElo "2379"]
[PlyCount "25"]
[EventDate "2021.??.??"]
[EventType "blitz"]

1. e4 e5 2. Nf3 d5 3. Nxe5 Bd6 4. d4 dxe4 5. Nc4 Be7 6. Nc3 Nf6 7. Bf4 O-O 8.
Be2 Nc6 9. d5 Nb4 10. Ne3 c6 11. d6 Be6 12. dxe7 Qxe7 13. Bd6 {Normal} 1-0

[Event "Rated Blitz game"]
[Site "?"]
[Date "2021.11.16"]
[Round "?"]
[White "StoreySniper"]
[Black "DOOGE228"]
[Result "1-0"]
[WhiteElo "2393"]
[BlackElo "2425"]
[PlyCount "55"]
[EventDate "2021.??.??"]
[EventType "blitz"]

1. e4 e5 2. Nf3 d5 3. Nxe5 Bd6 4. d4 dxe4 5. Nc4 Nf6 6. Nxd6+ Qxd6 7. Be3 Qb4+
8. Nd2 Qxb2 9. Bc4 Bg4 10. Qb1 Qxb1+ 11. Rxb1 b6 12. O-O Be6 13. Bg5 Bxc4 14.
Nxc4 Nd5 15. Rbe1 f5 16. f3 h6 17. fxe4 fxe4 18. Rxe4+ Kd7 19. Ne5+ Kc8 20. Bd2
Re8 21. c4 Nf6 22. Rh4 Nbd7 23. Nxd7 Kxd7 24. Bxh6 Rh8 25. Bg5 Rxh4 26. Bxh4
Ng4 27. Rf7+ Kc6 28. Rxg7 {Normal} 1-0

[Event "Rated Blitz game"]
[Site "?"]
[Date "2021.11.16"]
[Round "?"]
[White "ricjimenez_50"]
[Black "RCompany_1"]
[Result "1-0"]
[WhiteElo "2440"]
[BlackElo "2401"]
[PlyCount "93"]
[EventDate "2021.??.??"]
[EventType "blitz"]

1. e4 e5 2. Nf3 d5 3. exd5 e4 4. Ne5 Qxd5 5. d4 exd3 6. Nxd3 Nc6 7. Nc3 Qa5 8.
Be2 Bf5 9. O-O O-O-O 10. Bd2 Nf6 11. a3 Nd4 12. Re1 Bd6 13. b4 Qb6 14. Be3 Rhe8
15. Na4 Nxe2+ 16. Rxe2 Qc6 17. Nac5 b6 18. Nb3 Ng4 19. h3 Nxe3 20. Rxe3 Rxe3
21. fxe3 Qe4 22. Qd2 Be5 23. Rf1 Be6 24. Nbc1 Bg3 25. Rf3 Be5 26. Qf2 Bf6 27.
Ne2 Qc4 28. Nef4 Bd7 29. Nh5 Bc6 30. Rf4 Qa2 31. Nxf6 gxf6 32. Rxf6 Qxa3 33.
Rxc6 Kb7 34. Rc4 Qa1+ 35. Kh2 a5 36. bxa5 Qxa5 37. Qxf7 Rc8 38. Nb4 Qe5+ 39.
Rf4 Qxe3 40. Qd5+ Kb8 41. Nc6+ Kb7 42. Na5+ Ka6 43. Qb7+ Kxa5 44. Qa7+ Kb5 45.
Qa4+ Kc5 46. Qb4+ Kc6 47. Rc4+ {Time forfeit} 1-0

[Event "Rated Blitz game"]
[Site "?"]
[Date "2021.11.16"]
[Round "?"]
[White "ivancu"]
[Black "Jorny_Too_Pass"]
[Result "1-0"]
[WhiteElo "2416"]
[BlackElo "2331"]
[PlyCount "127"]
[EventDate "2021.??.??"]
[EventType "blitz"]

1. e4 e5 2. Nf3 d5 3. exd5 e4 4. Qe2 Nf6 5. d3 Be7 6. dxe4 O-O 7. Nc3 c6 8. Be3
Bg4 9. O-O-O Qa5 10. h3 Bxf3 11. Qxf3 Bb4 12. Bd4 Nbd7 13. a3 Bc5 14. Bxc5 Qxc5
15. Bd3 a5 16. Qe2 Rfe8 17. Qd2 Nb6 18. f4 cxd5 19. exd5 Nfxd5 20. Nxd5 Nxd5
21. Bxh7+ Kxh7 22. Qxd5 Qe3+ 23. Kb1 b5 24. Qxb5 Rab8 25. Qd3+ Qxd3 26. Rxd3
Re2 27. g4 Rf2 28. f5 Re8 29. Rhd1 Ree2 30. Rc3 Rf4 31. Rd7 f6 32. Rcc7 Rf1+
33. Ka2 a4 34. Rxg7+ Kh8 35. Rgd7 Re8 36. h4 Rf4 37. g5 Rxf5 38. gxf6 Rxf6 39.
Rh7+ Kg8 40. Rcg7+ Kf8 41. Rh8+ Kxg7 42. Rxe8 Rf4 43. h5 Rh4 44. Re5 Kf6 45.
Ra5 Kg7 46. Rc5 Kf7 47. b4 Ke7 48. Ra5 Kd6 49. Rxa4 Rxh5 50. Kb3 Kc6 51. Ra6+
Kb7 52. Rf6 Rh4 53. a4 Rg4 54. a5 Ka7 55. b5 Rg3+ 56. Kb4 Rg2 57. c4 Rg7 58. a6
Re7 59. Ka5 Re8 60. b6+ Ka8 61. c5 Rh8 62. Rf7 Re8 63. a7 Rc8 64. b7+ {Normal}
1-0

[Event "Rated Blitz tournament nDuRu4Ej"]
[Site "?"]
[Date "2021.11.16"]
[Round "?"]
[White "OlegL"]
[Black "Bis_Kecil_BKD"]
[Result "0-1"]
[WhiteElo "2427"]
[BlackElo "2434"]
[PlyCount "30"]
[EventDate "2021.??.??"]
[EventType "blitz"]

1. e4 e5 2. Nf3 d5 3. Nc3 dxe4 4. Nxe4 f5 5. Nc3 e4 6. Ng1 Bc5 7. d3 Nf6 8.
dxe4 Qxd1+ 9. Kxd1 fxe4 10. Ke1 O-O 11. a3 Ng4 12. Nh3 Nxf2 13. Nxf2 Bxf2+ 14.
Kd1 Bg4+ 15. Be2 Rd8+ {Normal} 0-1

[Event "Rated Blitz game"]
[Site "?"]
[Date "2021.11.16"]
[Round "?"]
[White "Speed_chess21"]
[Black "Snowvaz"]
[Result "1-0"]
[WhiteElo "2382"]
[BlackElo "2479"]
[PlyCount "85"]
[EventDate "2021.??.??"]
[EventType "blitz"]

1. e4 e5 2. Nf3 d5 3. Nxe5 Qe7 4. d4 f6 5. Nd3 dxe4 6. Nf4 g5 7. Nd5 Qf7 8. Bc4
Be6 9. Nbc3 Bd6 10. Bb3 Ne7 11. Nxe7 Qxe7 12. O-O Bf5 13. Bd5 c6 14. Bxe4 Bxe4
15. Nxe4 O-O 16. Nxd6 Qxd6 17. c3 Nd7 18. f4 h6 19. Qh5 Kg7 20. h4 Qd5 21. Bd2
Rae8 22. hxg5 hxg5 23. fxg5 fxg5 24. Rxf8 Rxf8 25. Bxg5 Rh8 26. Qg4 Nf6 27.
Bxf6+ Kxf6 28. Rf1+ Ke7 29. Qg7+ Kd8 30. Qxh8+ Kc7 31. Qe5+ Qxe5 32. dxe5 Kd7
33. Rf6 Ke7 34. g4 b5 35. g5 a5 36. g6 a4 37. g7 a3 38. bxa3 c5 39. g8=Q b4 40.
Qg7+ Ke8 41. axb4 cxb4 42. a4 b3 43. Rf8# {Normal} 1-0

[Event "Rated Blitz game"]
[Site "?"]
[Date "2021.11.16"]
[Round "?"]
[White "arzun"]
[Black "DOOGE228"]
[Result "0-1"]
[WhiteElo "2304"]
[BlackElo "2411"]
[PlyCount "50"]
[EventDate "2021.??.??"]
[EventType "blitz"]

1. e4 e5 2. Nf3 d5 3. Nxe5 Bd6 4. d4 dxe4 5. Bc4 Bxe5 6. Qh5 Qe7 7. Qxe5 Qxe5
8. dxe5 Ne7 9. Nc3 O-O 10. Bf4 Ng6 11. Bg3 h5 12. h4 Nc6 13. Nxe4 Ncxe5 14. Bb3
Bf5 15. Ng5 c5 16. O-O-O c4 17. Ba4 a6 18. c3 Nd3+ 19. Kd2 Nxb2 20. Bc2 Bxc2
21. Kxc2 Nxd1 22. Rxd1 Rfd8 23. Re1 Re8 24. Rd1 Rad8 25. Rb1 b5 {Normal} 0-1

[Event "Rated Blitz game"]
[Site "?"]
[Date "2021.11.16"]
[Round "?"]
[White "Thelastpann1353"]
[Black "DOOGE228"]
[Result "0-1"]
[WhiteElo "2298"]
[BlackElo "2424"]
[PlyCount "36"]
[EventDate "2021.??.??"]
[EventType "blitz"]

1. e4 e5 2. Nf3 d5 3. Bc4 dxc4 4. Nxe5 Qd4 5. Nf3 Qxe4+ 6. Kf1 Bb4 7. d3 cxd3
8. cxd3 Qe7 9. Bg5 Nf6 10. Nc3 Bxc3 11. bxc3 O-O 12. Qb3 Nbd7 13. d4 Qe4 14.
Rd1 Nb6 15. c4 Bf5 16. h3 Qc2 17. Qxc2 Bxc2 18. Rb1 Bxb1 {Normal} 0-1

[Event "Rated Blitz tournament ZkxPXpJS"]
[Site "?"]
[Date "2021.11.16"]
[Round "?"]
[White "stomatolog13"]
[Black "KappaGolden"]
[Result "1-0"]
[WhiteElo "2441"]
[BlackElo "2290"]
[PlyCount "93"]
[EventDate "2021.??.??"]
[EventType "blitz"]

1. e4 e5 2. Nf3 d5 3. Nxe5 Bd6 4. d4 dxe4 5. Bf4 Nf6 6. Bc4 Bf5 7. Nxf7 Qe7 8.
Nxd6+ cxd6 9. O-O d5 10. Bb5+ Nbd7 11. c4 a6 12. Bxd7+ Qxd7 13. cxd5 Nxd5 14.
Be5 O-O 15. Nc3 Rae8 16. Re1 Re6 17. Nxe4 Rg6 18. Ng3 Bg4 19. Qb3 h5 20. h4 Be6
21. Qd3 Rg4 22. Nxh5 Bf5 23. Qb3 Qf7 24. Ng3 Be6 25. Qc2 Rxh4 26. Re4 Bf5 27.
Nxf5 Qxf5 28. Rae1 Qh7 29. f3 Rh1+ 30. Kf2 Rxe1 31. Kxe1 Ne3 32. Qb3+ Nc4 33.
Qxc4+ Kh8 34. d5 Qh1+ 35. Kf2 Qh4+ 36. Rxh4+ Kg8 37. d6+ Rf7 38. Qc8+ Rf8 39.
Rh8+ Kf7 40. Qxf8+ Ke6 41. Qe7+ Kd5 42. f4 Kc4 43. d7 Kb5 44. d8=Q b6 45. Qed6
Ka5 46. Q6xb6+ Ka4 47. Qdd4# {Normal} 1-0

[Event "Rated Blitz game"]
[Site "?"]
[Date "2021.11.16"]
[Round "?"]
[White "leonard013"]
[Black "RCompany_1"]
[Result "1-0"]
[WhiteElo "2498"]
[BlackElo "2396"]
[PlyCount "133"]
[EventDate "2021.??.??"]
[EventType "blitz"]

1. e4 e5 2. Nf3 d5 3. exd5 e4 4. Qe2 Nf6 5. Nd4 Qxd5 6. Nb3 Be7 7. Nc3 Qe6 8.
d3 exd3 9. Qxe6 Bxe6 10. Bxd3 Nc6 11. Bf4 O-O-O 12. O-O-O a6 13. a3 Bxb3 14.
cxb3 Kb8 15. b4 Nd4 16. Bc4 Rhf8 17. Be3 Nf5 18. Bf4 Bd6 19. Bg5 Be5 20. Rhe1
Bd4 21. f3 h6 22. Bf4 g5 23. Be5 Bxe5 24. Rxe5 Rxd1+ 25. Kxd1 Nd6 26. Bd3 Nd7
27. Re1 Re8 28. Rxe8+ Nxe8 29. Ke2 Nd6 30. Ke3 Ne5 31. Kd4 Nxd3 32. Kxd3 Kc8
33. Ne4 Kd7 34. Nc5+ Kc6 35. Nb3 Kd5 36. Nc5 a5 37. Nb3 axb4 38. axb4 b6 39.
Nd2 f5 40. g3 h5 41. h3 c6 42. Nb1 g4 43. Nc3+ Ke6 44. hxg4 fxg4 45. fxg4 hxg4
46. Nd1 Nf5 47. Nf2 Nxg3 48. Nxg4 Nf5 49. Kc3 Kd5 50. Nf6+ Ke5 51. Nd7+ Kd6 52.
Nxb6 Ne7 53. Nc4+ Kd5 54. Ne3+ Ke4 55. Nc2 Kd5 56. Kb3 Nf5 57. Na3 Nd4+ 58. Ka4
Ne2 59. Nb1 Kc4 60. Nd2+ Kd3 61. Nb3 Kc4 62. Na5+ Kd5 63. Kb3 Nd4+ 64. Kc3 Nb5+
65. Kb3 Nd4+ 66. Ka4 c5 67. b5 {Time forfeit} 1-0

[Event "Rated Blitz game"]
[Site "?"]
[Date "2021.11.16"]
[Round "?"]
[White "alchemikal"]
[Black "blastol"]
[Result "1-0"]
[WhiteElo "2474"]
[BlackElo "2504"]
[PlyCount "71"]
[EventDate "2021.??.??"]
[EventType "blitz"]

1. e4 e5 2. Nf3 d5 3. exd5 Bd6 4. Nc3 Nf6 5. d4 e4 6. Ne5 O-O 7. Bf4 Re8 8. Qd2
Nbd7 9. Nxd7 Bxf4 10. Qxf4 Bxd7 11. O-O-O a6 12. Be2 b5 13. a3 a5 14. Bxb5 Bxb5
15. Nxb5 Nxd5 16. Qg3 c6 17. Nd6 Re6 18. Nb7 Qb6 19. Nc5 Rg6 20. Qh3 Rb8 21. b3
Nf4 22. Qe3 Nxg2 23. Qxe4 f5 24. Qxf5 Rf8 25. Qe5 Qd8 26. Ne6 Rxe6 27. Qxe6+
Kh8 28. Rhg1 Rxf2 29. Rdf1 Nf4 30. Qe5 Rxf1+ 31. Rxf1 Ng6 32. Qd6 Qg5+ 33. Kb2
h6 34. Qxc6 Qd2 35. Qe4 Kh7 36. Rg1 {Normal} 1-0

[Event "Rated Blitz game"]
[Site "?"]
[Date "2021.11.16"]
[Round "?"]
[White "Landau96"]
[Black "RCompany_1"]
[Result "0-1"]
[WhiteElo "2492"]
[BlackElo "2399"]
[PlyCount "80"]
[EventDate "2021.??.??"]
[EventType "blitz"]

1. e4 e5 2. Nf3 d5 3. Nxe5 Bd6 4. d4 dxe4 5. Nc4 Be7 6. Be2 Nc6 7. Ne3 Nxd4 8.
O-O Nxe2+ 9. Qxe2 Nf6 10. Nc3 c6 11. f3 exf3 12. Qxf3 O-O 13. Nf5 Bxf5 14. Qxf5
Qd7 15. Qf3 Rad8 16. Bf4 Qg4 17. Qf2 b6 18. h3 Qg6 19. Kh1 Bc5 20. Qe2 Rfe8 21.
Qc4 Qxc2 22. Bg5 Rd4 23. Qa6 Nh5 24. Qxa7 Ng3+ 25. Kh2 Nxf1+ 26. Rxf1 Bd6+ 27.
Kh1 Qg6 28. Qxb6 Rb4 29. Qxc6 Rf8 30. b3 Rd4 31. Be3 Qg3 32. Bg1 Rd2 33. Qf3
Qxf3 34. Rxf3 Rc2 35. Ne4 Be5 36. a4 Rd8 37. a5 Rd1 38. a6 Rcc1 39. Rf1 Rxf1
40. g4 Rxg1# {Normal} 0-1

[Event "Rated Blitz game"]
[Site "?"]
[Date "2021.11.16"]
[Round "?"]
[White "Topawedu"]
[Black "blastol"]
[Result "1-0"]
[WhiteElo "2346"]
[BlackElo "2512"]
[PlyCount "59"]
[EventDate "2021.??.??"]
[EventType "blitz"]

1. e4 e5 2. Nf3 d5 3. Nxe5 Bd6 4. d4 dxe4 5. Bc4 Bxe5 6. dxe5 Qxd1+ 7. Kxd1 Nc6
8. Bf4 Nge7 9. Nc3 Ng6 10. Bg3 h5 11. Nxe4 h4 12. e6 hxg3 13. exf7+ Kf8 14.
fxg3 Nge5 15. Bb3 Bg4+ 16. Kd2 Rd8+ 17. Ke3 Nd4 18. h3 Bh5 19. Ng5 Nxb3 20.
axb3 Bxf7 21. Rhf1 Ke7 22. Rxa7 Bd5 23. Ra5 Kd6 24. c4 Bxc4 25. Rd1+ Kc6 26.
Rxd8 Rxd8 27. Rxe5 Bxb3 28. Re7 g6 29. Nf7 Bd5 30. Nxd8+ {Normal} 1-0

[Event "Rated Blitz game"]
[Site "?"]
[Date "2021.11.16"]
[Round "?"]
[White "peoncito19"]
[Black "batalla2"]
[Result "1-0"]
[WhiteElo "2481"]
[BlackElo "2468"]
[PlyCount "97"]
[EventDate "2021.??.??"]
[EventType "blitz"]

1. e4 e5 2. Nf3 d5 3. Nxe5 Bd6 4. d4 dxe4 5. Be2 Bxe5 6. dxe5 Qxd1+ 7. Bxd1 Nc6
8. Bf4 Nge7 9. Nc3 Bf5 10. g4 Ng6 11. Bg3 Be6 12. Nxe4 Ngxe5 13. h3 O-O-O 14.
f4 Nc4 15. b3 Ne3 16. Kf2 Nxd1+ 17. Raxd1 Bd5 18. Rhe1 Bxe4 19. Rxd8+ Rxd8 20.
Rxe4 Rd2+ 21. Re2 Rd1 22. f5 Nd4 23. Re7 Rd2+ 24. Kf1 Rxc2 25. Rxf7 b6 26. Rxg7
a5 27. f6 Ne6 28. f7 Rc3 29. Kg2 Rc2+ 30. Bf2 Rc6 31. Rg8+ Kb7 32. f8=Q Nxf8
33. Rxf8 Rc2 34. Rf7 Rxa2 35. Kf3 Rb2 36. Bg3 Rxb3+ 37. Kg2 Rc3 38. Rxh7 a4 39.
Rf7 a3 40. Rf2 Rb3 41. Be5 b5 42. g5 b4 43. g6 Rd3 44. g7 Rd8 45. h4 Rg8 46. h5
b3 47. h6 b2 48. Bxb2 axb2 49. Rxb2+ {Normal} 1-0

[Event "Rated Blitz tournament lDEpPY4o"]
[Site "?"]
[Date "2021.11.16"]
[Round "?"]
[White "haskras"]
[Black "FatmirQorri"]
[Result "0-1"]
[WhiteElo "2433"]
[BlackElo "2358"]
[PlyCount "132"]
[EventDate "2021.??.??"]
[EventType "blitz"]

1. e4 e5 2. Nf3 d5 3. exd5 Qxd5 4. Nc3 Qe6 5. Qe2 Bd6 6. d4 exd4 7. Nxd4 Qxe2+
8. Bxe2 Nf6 9. Bg5 Nbd7 10. O-O-O O-O 11. Ndb5 Be5 12. f4 Bxc3 13. Nxc3 c6 14.
Bf3 h6 15. Bh4 a5 16. Bf2 a4 17. a3 Re8 18. g4 Nf8 19. Rhg1 Kh7 20. h4 Ng8 21.
Be4+ Kh8 22. Bd3 b5 23. g5 Ne6 24. f5 Nf4 25. Be4 Rxe4 26. Nxe4 Ne2+ 27. Kb1
Nxg1 28. Bxg1 Bxf5 29. Nd6 Bg6 30. Rf1 Rd8 31. Bc5 Rd7 32. Kc1 Kh7 33. Re1 f6
34. gxh6 Nxh6 35. b3 axb3 36. cxb3 Nf5 37. Nxf5 Bxf5 38. a4 Rd3 39. Kb2 Rd2+
40. Ka3 bxa4 41. bxa4 Rc2 42. Kb4 Bd3 43. a5 Rc4+ 44. Kb3 Rxc5 45. Re3 Ba6 46.
Re6 Rxa5 47. Rxc6 Bd3 48. Kc3 Bg6 49. Kd2 Rh5 50. Ke3 Rxh4 51. Kf2 Rf4+ 52. Kg3
Rf5 53. Kg4 Re5 54. Rb6 Bf5+ 55. Kf4 g5+ 56. Kg3 Kg6 57. Kf3 g4+ 58. Kf4 Re4+
59. Kg3 Kg5 60. Rb2 Re3+ 61. Kf2 Rh3 62. Kg2 Be4+ 63. Kg1 g3 64. Rg2 Bxg2 65.
Kxg2 Kg4 66. Kg1 Rh2 {Normal} 0-1

[Event "Rated Blitz game"]
[Site "?"]
[Date "2021.11.16"]
[Round "?"]
[White "NarNar"]
[Black "Nmayorga92"]
[Result "1-0"]
[WhiteElo "2433"]
[BlackElo "2398"]
[PlyCount "147"]
[EventDate "2021.??.??"]
[EventType "blitz"]

1. e4 e5 2. Nf3 d5 3. exd5 e4 4. Qe2 Nf6 5. d3 Qxd5 6. Nbd2 Bf5 7. Ng5 e3 8.
Qxe3+ Be7 9. Be2 Nc6 10. Bf3 Qd7 11. O-O O-O 12. Nde4 Nd5 13. Qe2 h6 14. Nh3
Bxh3 15. gxh3 Qxh3 16. Bg2 Qh4 17. c3 Rae8 18. Qf3 Nf6 19. Nxf6+ Bxf6 20. d4
Bg5 21. Bxg5 Qxg5 22. Rfe1 Rd8 23. Kh1 Rd6 24. Rg1 Rf6 25. Qe2 Re6 26. Qd3 Qh4
27. Rae1 Rxe1 28. Rxe1 Qxf2 29. Rg1 Re8 30. Qh3 Re1 31. Bf1 Ne7 32. Qg4 Ng6 33.
Bc4 Rxg1+ 34. Qxg1 Qf3+ 35. Qg2 Qd1+ 36. Qg1 Qf3+ 37. Qg2 Qxg2+ 38. Kxg2 Nf4+
39. Kf3 Ne6 40. Bd5 c6 41. Bb3 Nc7 42. c4 Kf8 43. d5 cxd5 44. cxd5 Ke7 45. Ke4
Nb5 46. Ke5 Nd6 47. Kd4 f6 48. Kd3 b6 49. a4 g5 50. Ba2 f5 51. h3 Kf6 52. Bb1
Ke5 53. b4 f4 54. a5 f3 55. axb6 axb6 56. Ke3 Nf5+ 57. Kxf3 Nd4+ 58. Ke3 Nb3
59. Kd3 Nd4 60. Kc3 Nf3 61. Bh7 Ng1 62. Kb3 Nxh3 63. Bg6 Nf4 64. d6 Nd5 65. d7
Nf6 66. d8=Q Ne4 67. Qe7+ Kf4 68. Qxe4+ Kg3 69. Qf3+ Kh4 70. Bf7 g4 71. Bd5 h5
72. Qf4 Kh3 73. Qf2 h4 74. Qe1 {Time forfeit} 1-0

[Event "Rated Blitz game"]
[Site "?"]
[Date "2021.11.16"]
[Round "?"]
[White "GoranPa"]
[Black "GrandeGila"]
[Result "1-0"]
[WhiteElo "2466"]
[BlackElo "2478"]
[PlyCount "121"]
[EventDate "2021.??.??"]
[EventType "blitz"]

1. e4 e5 2. Nf3 d5 3. Nxe5 Bd6 4. d4 dxe4 5. Nc4 Nc6 6. Nc3 Bb4 7. Be3 Nf6 8.
a3 Bg4 9. Qd2 Bd6 10. Bg5 h6 11. Bh4 g5 12. Bg3 Bxg3 13. hxg3 Qxd4 14. Qxd4
Nxd4 15. Ne3 Be6 16. O-O-O O-O-O 17. Bc4 Bxc4 18. Nxc4 Ng4 19. Rhe1 Nxf2 20.
Rd2 Ng4 21. Rxe4 f5 22. Rexd4 Rxd4 23. Rxd4 Re8 24. Kd2 a6 25. Nd5 Re6 26. Nde3
Nxe3 27. Nxe3 Rf6 28. c4 c6 29. Ke2 Kc7 30. Kf3 b6 31. b4 Rf7 32. c5 b5 33. Rd6
f4 34. Ng4 fxg3+ 35. Kxg3 h5 36. Rxc6+ Kb7 37. Rb6+ Ka7 38. Ne5 Rf8 39. Nc6+
Ka8 40. Kh3 a5 41. Nxa5 Rf4 42. Nc6 Rf8 43. Rxb5 Rc8 44. Rb6 g4+ 45. Kh4 g3 46.
Rb8+ Rxb8 47. Nxb8 Kxb8 48. b5 Kb7 49. Kxh5 Ka7 50. Kg4 Kb7 51. Kxg3 Ka7 52.
Kf4 Kb8 53. Ke5 Ka7 54. Kd6 Kb8 55. a4 Ka7 56. a5 Ka8 57. a6 Kb8 58. b6 Ka8 59.
c6 Kb8 60. c7+ Kc8 61. b7# {Normal} 1-0

[Event "Rated Blitz game"]
[Site "?"]
[Date "2021.11.16"]
[Round "?"]
[White "MoshkovAK"]
[Black "GrandeGila"]
[Result "1-0"]
[WhiteElo "2467"]
[BlackElo "2484"]
[PlyCount "49"]
[EventDate "2021.??.??"]
[EventType "blitz"]

1. e4 e5 2. Nf3 d5 3. Nxe5 Bd6 4. d4 dxe4 5. Nc4 Nc6 6. Nc3 Bb4 7. Be3 Nf6 8.
Be2 Bf5 9. O-O Qd7 10. a3 Be7 11. Ne5 Qe6 12. Bc4 Qc8 13. Nxf7 Rf8 14. Ne5 Nxe5
15. dxe5 Ng4 16. Bf4 Bg5 17. Bxg5 Nxe5 18. Bb3 Be6 19. Qh5+ Bf7 20. Bxf7+ Nxf7
21. Nxe4 Qf5 22. Rfe1 Kd7 23. Ng3 Qxg5 24. Rad1+ Kc8 25. Qxf7 {Normal} 1-0

[Event "Rated Blitz game"]
[Site "?"]
[Date "2021.11.16"]
[Round "?"]
[White "hayotjon"]
[Black "BrilliantGambiteer"]
[Result "0-1"]
[WhiteElo "2443"]
[BlackElo "2383"]
[PlyCount "88"]
[EventDate "2021.??.??"]
[EventType "blitz"]

1. e4 e5 2. Nf3 d5 3. exd5 Bd6 4. c4 f5 5. Nc3 Nf6 6. d3 O-O 7. Be2 Qe7 8. O-O
a6 9. a3 c6 10. b4 cxd5 11. cxd5 b6 12. Bg5 Bb7 13. Nd2 Nbd7 14. Bf3 h6 15.
Bxf6 Nxf6 16. Nc4 Qc7 17. Rc1 Qd8 18. Re1 Re8 19. Qb3 Kh7 20. g3 Rc8 21. Bg2
Bb8 22. a4 Nxd5 23. Nxd5 Bxd5 24. Bxd5 Qxd5 25. Qb1 b5 26. Ne3 Qe6 27. axb5
axb5 28. Rxc8 Rxc8 29. d4 e4 30. d5 Qe5 31. Rd1 Bd6 32. Qb3 Rc3 33. Qa2 f4 34.
Ng4 Qg5 35. Qe2 e3 36. fxe3 fxe3 37. Rf1 h5 38. Nf2 exf2+ 39. Qxf2 Bxb4 40.
Qf5+ Qxf5 41. Rxf5 Rd3 42. Rxh5+ Kg6 43. Re5 Bc5+ 44. Kf1 Re3 {Time forfeit}
0-1

[Event "Rated Blitz game"]
[Site "?"]
[Date "2021.11.16"]
[Round "?"]
[White "AgressiveMode"]
[Black "KamranShirazi"]
[Result "1-0"]
[WhiteElo "2686"]
[BlackElo "2617"]
[PlyCount "75"]
[EventDate "2021.??.??"]
[EventType "blitz"]

1. e4 e5 2. Nf3 d5 3. exd5 e4 4. Qe2 Nf6 5. d3 Bb4+ 6. c3 O-O 7. dxe4 Bc5 8.
Bg5 c6 9. Nbd2 cxd5 10. e5 Re8 11. O-O-O Nbd7 12. Nb3 Bd6 13. Rxd5 Bc7 14. Qd2
Qe7 15. exf6 gxf6 16. Bh6 Nb6 17. Rd4 Bf5 18. Bd3 Bg6 19. Re1 Be5 20. Bxg6 hxg6
21. Nxe5 fxe5 22. f4 exd4 23. Rxe7 Rxe7 24. Qxd4 f5 25. Nc5 Kh7 26. Bg5 Re1+
27. Kd2 Rae8 28. c4 R8e2+ 29. Kc3 Rc1+ 30. Kb3 Rxc4 31. Qd3 Rxg2 32. Nd7 Rc6
33. Qh3+ Kg8 34. Qxg2 Nxd7 35. Qd5+ Kf8 36. Qxd7 Rb6+ 37. Kc2 Rc6+ 38. Kb1 {
Normal} 1-0

[Event "Rated Rapid game"]
[Site "?"]
[Date "2021.11.16"]
[Round "?"]
[White "bczero3"]
[Black "Newton_54"]
[Result "0-1"]
[WhiteElo "2436"]
[BlackElo "2394"]
[PlyCount "42"]
[EventDate "2021.??.??"]
[EventType "rapid"]

1. e4 e5 2. Nf3 d5 3. Nxe5 Bd6 4. d4 dxe4 5. Nc4 Nf6 6. Be2 O-O 7. Bg5 Bf5 8.
Nc3 Bb4 9. g4 Be6 10. h4 Nc6 11. Be3 Nxg4 12. Bxg4 Bxc4 13. Bf5 Re8 14. Qg4
Nxd4 15. O-O-O c5 16. Nxe4 Rxe4 17. Bxe4 Bxa2 18. Rhg1 g6 19. h5 Qf6 20. hxg6
hxg6 21. Bg5 Qxg5+ {Normal} 0-1

[Event "Rated Blitz game"]
[Site "?"]
[Date "2021.11.16"]
[Round "?"]
[White "Izzrayizzix"]
[Black "Glasauge72"]
[Result "1-0"]
[WhiteElo "2520"]
[BlackElo "2545"]
[PlyCount "47"]
[EventDate "2021.??.??"]
[EventType "blitz"]

1. e4 e5 2. Nf3 d5 3. Nxe5 Bd6 4. d4 dxe4 5. Nc3 Nf6 6. Bg5 O-O 7. Bc4 h6 8. h4
Bxe5 9. dxe5 Qxd1+ 10. Rxd1 Nfd7 11. Bf4 Nb6 12. Bb3 Bf5 13. O-O Nc6 14. Rfe1
Rfe8 15. Nxe4 Nxe5 16. Ng3 Ng6 17. Bxc7 Nxh4 18. Rxe8+ Rxe8 19. Bd8 Bg4 20. f3
Nxf3+ 21. gxf3 Bxf3 22. Rd2 Nd5 23. Bxd5 Rxd8 24. Bxf7+ {Normal} 1-0

[Event "Rated Blitz game"]
[Site "?"]
[Date "2021.11.16"]
[Round "?"]
[White "Marlene_12"]
[Black "RCompany_1"]
[Result "1-0"]
[WhiteElo "2439"]
[BlackElo "2439"]
[PlyCount "65"]
[EventDate "2021.??.??"]
[EventType "blitz"]

1. e4 e5 2. Nf3 d5 3. Nxe5 Bd6 4. d4 dxe4 5. Be2 Nf6 6. O-O O-O 7. c4 c5 8. Bf4
Qe7 9. Nc3 Rd8 10. Nb5 Bxe5 11. Bxe5 Nc6 12. Bxf6 gxf6 13. d5 Ne5 14. Nc3 f5
15. f4 Ng6 16. Bh5 Qf6 17. Qe2 Bd7 18. Rad1 a6 19. g4 Re8 20. g5 Qb6 21. Qf2
Rac8 22. h4 Qb4 23. d6 e3 24. Qe2 Rcd8 25. Nd5 Qa4 26. Rd3 Qxc4 27. b3 Qb5 28.
Nf6+ Kg7 29. a4 Qb4 30. Qb2 e2 31. Bxe2 Nxf4 32. Nxe8+ Kf8 33. Qh8# {Normal}
1-0

[Event "Rated Blitz game"]
[Site "?"]
[Date "2021.11.16"]
[Round "?"]
[White "Cel1ic"]
[Black "KamranShirazi"]
[Result "1-0"]
[WhiteElo "2593"]
[BlackElo "2586"]
[PlyCount "25"]
[EventDate "2021.??.??"]
[EventType "blitz"]

1. e4 e5 2. Nf3 d5 3. d4 dxe4 4. Nxe5 Nd7 5. Nxd7 Bxd7 6. Nc3 f5 7. Bc4 Nf6 8.
O-O h6 9. f3 Bd6 10. fxe4 fxe4 11. Nxe4 Nxe4 12. Qh5+ Ke7 13. Qf7# {Normal} 1-0

[Event "Rated Blitz game"]
[Site "?"]
[Date "2021.11.16"]
[Round "?"]
[White "Vadimuk"]
[Black "DOOGE228"]
[Result "0-1"]
[WhiteElo "2451"]
[BlackElo "2432"]
[PlyCount "70"]
[EventDate "2021.??.??"]
[EventType "blitz"]

1. e4 e5 2. Nf3 d5 3. exd5 e4 4. Qe2 Nf6 5. Nc3 Be7 6. Nxe4 O-O 7. d3 Re8 8.
Bg5 Nxd5 9. Bxe7 Rxe7 10. O-O-O f5 11. Qd2 Nc6 12. Nc3 Be6 13. a3 h6 14. g3 b5
15. Bg2 b4 16. Nxd5 Bxd5 17. axb4 Rb8 18. c3 a5 19. b5 Rxb5 20. c4 Rc5 21. Kb1
Bf7 22. Qc3 Nb4 23. d4 Rxc4 24. Qa3 Re2 25. Ne5 Rcc2 26. Nxf7 Kxf7 27. Qb3+ Kg6
28. Bh3 Rxb2+ 29. Qxb2 Rxb2+ 30. Kxb2 Qd5 31. Kc3 Qf3+ 32. Kc4 c6 33. Kc5 Qd5+
34. Kb6 Nc2 35. Rde1 Nxd4 {Time forfeit} 0-1

[Event "Rated Blitz game"]
[Site "?"]
[Date "2021.11.16"]
[Round "?"]
[White "tatamaco"]
[Black "Tristan2020"]
[Result "0-1"]
[WhiteElo "2419"]
[BlackElo "2361"]
[PlyCount "40"]
[EventDate "2021.??.??"]
[EventType "blitz"]

1. e4 e5 2. Nf3 d5 3. exd5 e4 4. Ne5 Qxd5 5. d4 exd3 6. Nxd3 Nc6 7. Nc3 Qd8 8.
Be2 Nf6 9. O-O Bd6 10. Bg5 h6 11. Bh4 Be7 12. Bf3 O-O 13. Ne2 Nd4 14. Nxd4 Qxd4
15. c3 Qxh4 16. Qb3 Bd6 17. g3 Qh3 18. Bg2 Qh5 19. Rad1 Bh3 20. Qd5 Nxd5 {
Normal} 0-1